Guess the Fusion Rock Song Lyrics #187 - Statistics

General Stats
  • This quiz has been taken 7 times
  • The average score is 150 of 193
Answer Stats
Answer % Correct
a
100%
be
100%
He
100%
he
100%
he's
100%
I
100%
Nice
100%
no
100%
No
100%
say
100%
the
100%
to
100%
Alice Cooper
86%
And
86%
can't
86%
feelin
86%
for
86%
got
86%
Guy
86%
guy
86%
I'm
86%
in
86%
me
86%
more
86%
Mr
86%
My
86%
my
86%
of
86%
on
86%
see
86%
they
86%
They
86%
used
86%
When
86%
with
86%
you're
86%
been
71%
cause
71%
Clean
71%
down
71%
gettin
71%
has
71%
hold
71%
little
71%
old
71%
out
71%
said
71%
seen
71%
sick
71%
such
71%
thing
71%
today
71%
bit
57%
church
57%
eyes
57%
helped
57%
ladies
57%
obscene
57%
read
57%
real
57%
Til
57%
went
57%
blind
43%
cat
43%
clawed
43%
dog
43%
doors
43%
everybody
43%
friends
43%
hide
43%
incognito
43%
leg
43%
mean
43%
nose
43%
opened
43%
papers
43%
punched
43%
recognized
43%
rose
43%
shot
43%
sweet
43%
circle
29%
dad
29%
Ma's
29%
Reverend
29%
Smith
29%
social
29%
thrown
29%
Ad
0%
No matching quizzes found
Score Distribution
Percent of People with Each Score
Percentile by Number Answered
Your Score History
You have not taken this quiz